000 01621nam0a2200373 4500
001 RU\NLR\BIBL_A\011005556
005 20260406074358.0
010 _a978-5-17-089937-1
_91500
021 _aRU
_b2016-11905
_9771
035 _a(NILC)RuMoRGB-008149310
035 _a(NLR Aleph) 011005556
090 _a10992982
_c10992982
100 _a20160303d2015 |||y0rusy50 ca
101 0 _arus
102 _aRU
105 _aa|||z|||000yy
200 1 _aКак заработать, если умеешь писать
_e[советы литературного агента о том, как: найти свой уникальный стиль, научиться себя рекламировать, стать автором настоящего бестселлера]
_fИрина Горюнова
210 _aМосква
_cАСТ
_d2015
_d(макет ) 2016
215 _a347, [1] с.
_cил.
_d20
225 1 _aКак жить
320 _aБиблиогр.: с. 346-348
606 1 _aЛитературное творчество
_91015852
_3RU\NLR\AUTH\6669746
606 1 _aРеклама в книжной торговле
_91539942
_3RU\NLR\AUTH\66972526
606 1 _aРеклама в издательском деле
_91901763
_3RU\NLR\AUTH\66865863
675 _a655
686 1 _aШ402
686 1 _aЧ618.11
686 1 _aЧ617.1
700 1 _aГорюнова
_bИ.С.
_f1972-
_gИрина Стояновна
_3RU\NLR\AUTH\770147212
_9147176
801 0 _aRU
_bРГБ
_c20160217
_gRCR
942 _cBOOK
980 _aNB